[Event "DVM U20w 2022"]
[Site "Münster GER"]
[Date "2022.12.28"]
[Round "4"]
[White "Peglau, Mirjam"]
[Black "Stowicek, Yara Mathilda"]
[Result "1/2-1/2"]
[Termination "normal"]
[Board "1.3"]
[WhiteElo "1875"]
[BlackElo "1764"]
[WhiteClock "00:46:52"]
[BlackClock "01:07:17"]
[WhiteTeam "Schachzentrum Seeblick e. V."]
[BlackTeam "USV Halle"]
[PlyCount "59"]
[WhiteFideId "16211138"]
[BlackFideId "16203569"]
[EventCountry "GER"]
[EventRounds "7"]
[EventType "team-swiss"]
[EventDate "2022.12.26"]

1. Nf3 {[%clk 01:30:58]} {[%emt 00:00:02]} Nf6 {[%clk 01:30:53]} {[%emt
00:00:08]} 2. b3 {[%clk 01:31:22]} {[%emt 00:00:06]} g6 {[%emt 00:00:26]} 3.
Bb2 {[%clk 01:31:45]} {[%emt 00:00:05]} Bg7 {[%clk 01:31:24]} {[%emt 00:00:05]}
4. e3 {[%clk 01:31:59]} {[%emt 00:00:16]} e6 {[%clk 01:31:26]} {[%emt
00:00:28]} 5. c4 {[%clk 01:32:19]} {[%emt 00:00:10]} d5 {[%clk 01:30:41]}
{[%emt 00:01:15]} 6. Nc3 {[%clk 01:31:52]} {[%emt 00:00:57]} O-O {[%clk
01:30:35]} {[%emt 00:00:36]} 7. d4 {[%clk 01:32:08]} {[%emt 00:00:14]} b6
{[%clk 01:29:26]} {[%emt 00:01:40]} 8. Rc1 {[%clk 01:29:57]} {[%emt 00:02:40]}
Bb7 {[%clk 01:28:53]} {[%emt 00:01:03]} 9. Be2 {[%clk 01:29:42]} {[%emt
00:00:44]} Nbd7 {[%clk 01:27:26]} {[%emt 00:01:58]} 10. O-O {[%clk 01:29:51]}
{[%emt 00:00:21]} c5 {[%clk 01:25:08]} {[%emt 00:02:47]} 11. Qc2 {[%clk
01:25:56]} {[%emt 00:04:23]} Rc8 {[%clk 01:23:21]} {[%emt 00:02:18]} 12. cxd5
{[%clk 01:21:17]} {[%emt 00:05:09]} Nxd5 {[%clk 01:23:20]} {[%emt 00:00:32]}
13. Nxd5 {[%clk 01:21:36]} {[%emt 00:00:12]} Bxd5 {[%clk 01:22:50]} {[%emt
00:01:00]} 14. Qd2 {[%clk 01:21:15]} {[%emt 00:00:50]} Rc7 {[%clk 01:17:04]}
{[%emt 00:06:16]} 15. dxc5 {[%clk 01:18:40]} {[%emt 00:03:05]} Nxc5 {[%clk
01:16:14]} {[%emt 00:01:20]} 16. Bxg7 {[%clk 01:18:59]} {[%emt 00:00:12]} Kxg7
{[%clk 01:15:39]} {[%emt 00:01:05]} 17. Qd4 {[%clk 01:19:20]} {[%emt 00:00:08]}
f6 {[%clk 01:14:12]} {[%emt 00:01:58]} 18. b4 {[%clk 01:14:49]} {[%emt
00:05:01]} Ne4 {[%clk 01:13:00]} {[%emt 00:01:42]} 19. Bd3 {[%clk 01:09:45]}
{[%emt 00:05:34]} Nd6 {[%clk 01:11:37]} {[%emt 00:01:53]} 20. a3 {[%clk
01:08:32]} {[%emt 00:01:43]} Bb7 {[%clk 01:08:54]} {[%emt 00:03:12]} 21. e4
{[%clk 01:01:21]} {[%emt 00:07:42]} e5 {[%clk 01:08:13]} {[%emt 00:01:12]} 22.
Qe3 {[%clk 01:01:10]} {[%emt 00:00:40]} Qe7 {[%clk 01:08:00]} {[%emt 00:00:44]}
23. Rxc7 {[%clk 00:58:01]} {[%emt 00:03:39]} Qxc7 {[%clk 01:08:19]} {[%emt
00:00:10]} 24. Rc1 {[%clk 00:58:26]} {[%emt 00:00:05]} Qd7 {[%clk 01:08:23]}
{[%emt 00:00:26]} 25. Ne1 {[%clk 00:49:53]} {[%emt 00:09:02]} Rc8 {[%clk
01:08:15]} {[%emt 00:00:38]} 26. f3 {[%clk 00:50:13]} {[%emt 00:00:10]} Rxc1
{[%clk 01:07:23]} {[%emt 00:01:22]} 27. Qxc1 {[%clk 00:50:35]} {[%emt
00:00:08]} Qc6 {[%clk 01:07:26]} {[%emt 00:00:26]} 28. Qxc6 {[%clk 00:50:35]}
{[%emt 00:00:31]} Bxc6 {[%clk 01:07:50]} {[%emt 00:00:06]} 29. Kf2 {[%clk
00:50:44]} {[%emt 00:00:20]} Kf7 {[%clk 01:07:17]} {[%emt 00:01:04]} 30. Ke3
{[%clk 00:46:52]} {[%emt 00:04:21]} 1/2-1/2

[Event "DVM U20w 2022"]
[Site "Münster GER"]
[Date "2022.12.28"]
[Round "4"]
[White "Basovskiy, Jana"]
[Black "Mönster, Madita"]
[Result "0-1"]
[Termination "normal"]
[Board "2.1"]
[WhiteElo "1865"]
[BlackElo "1916"]
[WhiteClock "00:00:49"]
[BlackClock "00:04:09"]
[WhiteTeam "Karlsruher SF 1853 1"]
[BlackTeam "SK Nordhorn-Blanke"]
[PlyCount "78"]
[WhiteFideId "16208617"]
[BlackFideId "12947156"]
[EventCountry "GER"]
[EventRounds "7"]
[EventType "team-swiss"]
[EventDate "2022.12.26"]

1. e4 {[%clk 01:30:59]} c5 {[%clk 01:30:54]} {[%emt 00:00:07]} 2. Nf3 {[%clk
01:31:25]} {[%emt 00:00:04]} d6 {[%clk 01:31:18]} {[%emt 00:00:05]} 3. Bb5
{[%clk 01:31:51]} {[%emt 00:00:04]} Nd7 {[%clk 01:31:40]} {[%emt 00:00:09]} 4.
d4 {[%clk 01:29:58]} {[%emt 00:02:22]} cxd4 {[%clk 01:31:57]} {[%emt 00:00:14]}
5. Qxd4 {[%clk 01:30:21]} {[%emt 00:00:06]} e5 {[%clk 01:28:48]} {[%emt
00:03:39]} 6. Qd3 {[%clk 01:16:34]} {[%emt 00:14:15]} a6 {[%clk 01:23:38]}
{[%emt 00:05:43]} 7. Bxd7 {[%clk 01:10:06]} {[%emt 00:06:57]} Bxd7 {[%clk
01:24:01]} {[%emt 00:00:07]} 8. Nc3 {[%clk 01:10:29]} {[%emt 00:00:07]} Bc6
{[%clk 01:21:44]} {[%emt 00:02:48]} 9. Be3 {[%clk 01:05:22]} {[%emt 00:05:36]}
Be7 {[%clk 01:21:05]} {[%emt 00:01:09]} 10. Nd5 {[%clk 00:58:07]} {[%emt
00:07:45]} Bxd5 {[%clk 01:20:18]} {[%emt 00:01:17]} 11. Qxd5 {[%clk 00:56:51]}
{[%emt 00:01:46]} Qc7 {[%clk 01:16:38]} {[%emt 00:04:11]} 12. Qb3 {[%clk
00:51:10]} {[%emt 00:06:10]} h6 {[%clk 01:15:14]} {[%emt 00:01:54]} 13. Nd2
{[%clk 00:42:14]} {[%emt 00:09:26]} Nf6 {[%clk 01:14:08]} {[%emt 00:01:37]} 14.
f3 {[%clk 00:40:55]} {[%emt 00:01:48]} Rc8 {[%clk 01:01:17]} {[%emt 00:13:21]}
15. O-O {[%clk 00:34:35]} {[%emt 00:06:51]} O-O {[%clk 01:00:49]} {[%emt
00:00:58]} 16. c3 {[%clk 00:32:50]} {[%emt 00:02:15]} Qc6 {[%clk 00:59:54]}
{[%emt 00:01:25]} 17. c4 {[%clk 00:31:21]} {[%emt 00:02:00]} b5 {[%clk
00:55:20]} {[%emt 00:05:03]} 18. Rac1 {[%clk 00:28:20]} {[%emt 00:03:30]} Qd7
{[%clk 00:55:08]} {[%emt 00:00:43]} 19. Rfd1 {[%clk 00:24:17]} {[%emt
00:04:33]} Nh7 {[%clk 00:48:03]} {[%emt 00:07:35]} 20. Qd3 {[%clk 00:21:56]}
{[%emt 00:02:50]} Bg5 {[%clk 00:43:09]} {[%emt 00:05:25]} 21. Bxg5 {[%clk
00:19:48]} {[%emt 00:02:37]} Nxg5 {[%clk 00:43:29]} {[%emt 00:00:10]} 22. Rc3
{[%clk 00:15:21]} {[%emt 00:04:57]} Ne6 {[%clk 00:40:38]} {[%emt 00:03:22]} 23.
Nb3 {[%clk 00:12:03]} {[%emt 00:03:48]} Nf4 {[%clk 00:37:18]} {[%emt 00:03:50]}
24. Qc2 {[%clk 00:09:24]} {[%emt 00:03:09]} Qa7 {[%clk 00:34:53]} {[%emt
00:02:55]} 25. c5 {[%clk 00:08:15]} {[%emt 00:01:39]} dxc5 {[%clk 00:34:22]}
{[%emt 00:01:01]} 26. Nxc5 {[%clk 00:07:40]} {[%emt 00:01:05]} b4 {[%clk
00:29:17]} {[%emt 00:05:35]} 27. Rd7 {[%clk 00:07:41]} {[%emt 00:00:29]} Rc7
{[%clk 00:23:08]} {[%emt 00:06:39]} 28. Rxc7 {[%clk 00:07:38]} {[%emt
00:00:33]} Qxc7 {[%clk 00:23:34]} {[%emt 00:00:04]} 29. Rc4 {[%clk 00:07:55]}
{[%emt 00:00:13]} Qb6 {[%clk 00:23:45]} {[%emt 00:00:19]} 30. Kh1 {[%clk
00:07:47]} {[%emt 00:00:37]} Rd8 {[%clk 00:23:06]} {[%emt 00:01:09]} 31. h3
{[%clk 00:07:23]} {[%emt 00:00:55]} a5 {[%clk 00:22:30]} {[%emt 00:01:06]} 32.
Nb3 {[%clk 00:06:30]} {[%emt 00:01:23]} Kh7 {[%clk 00:12:09]} {[%emt 00:10:51]}
33. Rc5 {[%clk 00:04:25]} {[%emt 00:02:35]} a4 {[%clk 00:11:50]} {[%emt
00:00:49]} 34. Nc1 {[%clk 00:04:47]} {[%emt 00:00:08]} Qd6 {[%clk 00:11:34]}
{[%emt 00:00:46]} 35. Kh2 {[%clk 00:04:02]} {[%emt 00:01:12]} Qd2 {[%clk
00:11:00]} {[%emt 00:01:07]} 36. b3 {[%clk 00:02:38]} {[%emt 00:01:54]} a3
{[%clk 00:10:50]} {[%emt 00:00:39]} 37. Kg3 {[%clk 00:01:19]} {[%emt 00:01:47]}
Qe1 {[%clk 00:08:32]} {[%emt 00:02:50]} 38. Kg4 {[%clk 00:00:36]} {[%emt
00:01:14]} h5 {[%clk 00:05:32]} {[%emt 00:03:29]} 39. Kf5 {[%clk 00:00:49]}
{[%emt 00:00:16]} Qh4 {[%clk 00:04:09]} {[%emt 00:01:54]} 0-1

[Event "DVM U20w 2022"]
[Site "Münster GER"]
[Date "2022.12.28"]
[Round "4"]
[White "Brunner, Sophia"]
[Black "Grining, Maria"]
[Result "1/2-1/2"]
[Termination "normal"]
[Board "2.2"]
[WhiteElo "1832"]
[BlackElo "1758"]
[WhiteClock "00:54:04"]
[BlackClock "00:29:07"]
[WhiteTeam "SK Nordhorn-Blanke"]
[BlackTeam "Karlsruher SF 1853 1"]
[PlyCount "45"]
[WhiteFideId "12960683"]
[BlackFideId "16235037"]
[EventCountry "GER"]
[EventRounds "7"]
[EventType "team-swiss"]
[EventDate "2022.12.26"]

1. d4 {[%clk 01:30:57]} {[%emt 00:00:02]} d6 {[%clk 01:30:47]} {[%emt
00:00:13]} 2. c4 {[%clk 01:30:50]} {[%emt 00:00:38]} e5 {[%clk 01:31:04]}
{[%emt 00:00:13]} 3. dxe5 {[%clk 01:30:58]} {[%emt 00:00:22]} dxe5 {[%clk
01:31:29]} {[%emt 00:00:05]} 4. Qxd8 {[%clk 01:31:13]} {[%emt 00:00:14]} Kxd8
{[%clk 01:31:56]} {[%emt 00:00:04]} 5. a3 {[%clk 01:25:44]} {[%emt 00:05:58]}
Be6 {[%clk 01:31:42]} {[%emt 00:00:43]} 6. e4 {[%clk 01:25:41]} {[%emt
00:00:34]} Nc6 {[%clk 01:28:12]} {[%emt 00:04:00]} 7. Nf3 {[%clk 01:25:08]}
{[%emt 00:01:03]} Nd4 {[%clk 01:22:28]} {[%emt 00:06:14]} 8. Nxd4 {[%clk
01:24:12]} {[%emt 00:01:26]} exd4 {[%clk 01:22:54]} {[%emt 00:00:04]} 9. Nd2
{[%clk 01:24:07]} {[%emt 00:00:35]} c5 {[%clk 01:19:22]} {[%emt 00:04:02]} 10.
f4 {[%clk 01:21:20]} {[%emt 00:03:17]} g6 {[%clk 01:15:13]} {[%emt 00:04:39]}
11. g3 {[%clk 01:21:01]} {[%emt 00:00:49]} a5 {[%clk 01:12:15]} {[%emt
00:03:28]} 12. a4 {[%clk 01:20:37]} {[%emt 00:00:55]} Ne7 {[%clk 01:12:17]}
{[%emt 00:00:27]} 13. Nf3 {[%clk 01:19:01]} {[%emt 00:02:06]} Nc6 {[%clk
01:05:22]} {[%emt 00:07:25]} 14. Bd2 {[%clk 01:11:15]} {[%emt 00:08:16]} h6
{[%clk 01:01:55]} {[%emt 00:03:58]} 15. h3 {[%clk 01:08:26]} {[%emt 00:03:19]}
Ra6 {[%clk 00:57:37]} {[%emt 00:04:46]} 16. O-O-O {[%clk 01:03:50]} {[%emt
00:05:06]} Rb6 {[%clk 00:56:01]} {[%emt 00:02:07]} 17. Kc2 {[%clk 01:04:00]}
{[%emt 00:00:20]} Bg7 {[%clk 00:55:37]} {[%emt 00:00:54]} 18. Bd3 {[%clk
01:04:13]} {[%emt 00:00:16]} Nb4 {[%clk 00:39:22]} {[%emt 00:16:45]} 19. Bxb4
{[%clk 01:04:36]} {[%emt 00:00:07]} axb4 {[%clk 00:39:48]} {[%emt 00:00:04]}
20. b3 {[%clk 01:04:59]} {[%emt 00:00:07]} Bd7 {[%clk 00:39:09]} {[%emt
00:01:10]} 21. Rde1 {[%clk 00:58:48]} {[%emt 00:06:41]} Re8 {[%clk 00:36:36]}
{[%emt 00:03:03]} 22. g4 {[%clk 00:54:04]} {[%emt 00:05:13]} f6 {[%clk
00:29:07]} {[%emt 00:08:00]} 23. Re2 {[%emt 00:09:24]} 1/2-1/2

[Event "DVM U20w 2022"]
[Site "Münster GER"]
[Date "2022.12.28"]
[Round "4"]
[White "Hallfarth, Luise"]
[Black "Eichhorn, Elisabeth"]
[Result "1-0"]
[Termination "normal"]
[Board "2.4"]
[WhiteElo "1469"]
[BlackElo "1330"]
[WhiteClock "00:22:07"]
[BlackClock "00:22:56"]
[WhiteTeam "SK Nordhorn-Blanke"]
[BlackTeam "Karlsruher SF 1853 1"]
[PlyCount "100"]
[WhiteFideId "16250222"]
[BlackFideId "16235070"]
[EventCountry "GER"]
[EventRounds "7"]
[EventType "team-swiss"]
[EventDate "2022.12.26"]

1. d4 {[%clk 01:30:56]} {[%emt 00:00:02]} Nf6 {[%clk 01:30:55]} {[%emt
00:00:07]} 2. Nc3 {[%clk 01:31:16]} {[%emt 00:00:10]} g6 {[%clk 01:30:46]}
{[%emt 00:00:39]} 3. e4 {[%clk 01:30:23]} {[%emt 00:01:22]} d6 {[%clk
01:30:10]} {[%emt 00:01:06]} 4. Nf3 {[%clk 01:26:45]} {[%emt 00:04:08]} Bg7
{[%clk 01:29:39]} {[%emt 00:01:01]} 5. h3 {[%clk 01:24:06]} {[%emt 00:03:10]}
O-O {[%clk 01:28:25]} {[%emt 00:01:44]} 6. Bc4 {[%clk 01:22:10]} {[%emt
00:02:26]} Nbd7 {[%clk 01:25:30]} {[%emt 00:03:25]} 7. Bf4 {[%clk 01:19:59]}
{[%emt 00:02:40]} c5 {[%clk 01:21:33]} {[%emt 00:04:27]} 8. d5 {[%clk
01:16:24]} {[%emt 00:04:05]} Qc7 {[%clk 01:11:14]} {[%emt 00:10:47]} 9. O-O
{[%clk 01:12:00]} {[%emt 00:04:57]} a6 {[%clk 01:09:14]} {[%emt 00:02:30]} 10.
a4 {[%clk 01:11:57]} {[%emt 00:00:31]} Ne5 {[%clk 00:59:41]} {[%emt 00:10:04]}
11. Nxe5 {[%clk 01:05:14]} {[%emt 00:07:14]} dxe5 {[%clk 00:59:51]} {[%emt
00:00:20]} 12. Bg5 {[%clk 00:59:36]} {[%emt 00:06:08]} Nh5 {[%clk 00:57:57]}
{[%emt 00:02:24]} 13. d6 {[%clk 00:47:48]} {[%emt 00:12:18]} Qxd6 {[%clk
00:34:02]} {[%emt 00:24:24]} 14. Qxd6 {[%clk 00:47:46]} {[%emt 00:00:32]} exd6
{[%clk 00:34:13]} {[%emt 00:00:20]} 15. Rad1 {[%clk 00:43:39]} {[%emt
00:04:37]} h6 {[%clk 00:31:31]} {[%emt 00:03:12]} 16. Be7 {[%clk 00:42:11]}
{[%emt 00:01:57]} Re8 {[%clk 00:29:28]} {[%emt 00:02:34]} 17. Bxd6 {[%clk
00:41:14]} {[%emt 00:01:27]} Bf8 {[%clk 00:28:10]} {[%emt 00:01:48]} 18. Bxf8
{[%clk 00:32:29]} {[%emt 00:09:14]} Kxf8 {[%clk 00:27:51]} {[%emt 00:00:50]}
19. Rd5 {[%clk 00:31:43]} {[%emt 00:01:14]} b6 {[%clk 00:25:39]} {[%emt
00:02:43]} 20. Rd6 {[%clk 00:31:04]} {[%emt 00:01:07]} Rb8 {[%clk 00:25:00]}
{[%emt 00:01:10]} 21. Rfd1 {[%clk 00:27:12]} {[%emt 00:04:22]} Nf4 {[%clk
00:18:22]} {[%emt 00:07:09]} 22. Nd5 {[%clk 00:15:42]} {[%emt 00:11:57]} Nxd5
{[%clk 00:17:41]} {[%emt 00:01:13]} 23. Bxd5 {[%clk 00:16:03]} {[%emt
00:00:10]} a5 {[%clk 00:16:29]} {[%emt 00:01:42]} 24. Bc6 {[%clk 00:11:24]}
{[%emt 00:05:08]} Re7 {[%clk 00:14:27]} {[%emt 00:02:33]} 25. Rd8 {[%clk
00:10:06]} {[%emt 00:01:48]} Kg7 {[%clk 00:14:46]} {[%emt 00:00:11]} 26. Kf1
{[%clk 00:08:06]} {[%emt 00:02:30]} Ba6 {[%clk 00:11:31]} {[%emt 00:03:45]} 27.
Ke1 {[%clk 00:07:28]} {[%emt 00:01:09]} Rxd8 {[%clk 00:11:17]} {[%emt
00:00:43]} 28. Rxd8 {[%clk 00:07:46]} {[%emt 00:00:12]} Bb7 {[%clk 00:09:38]}
{[%emt 00:02:06]} 29. Bd5 {[%clk 00:05:26]} {[%emt 00:02:52]} Bxd5 {[%clk
00:06:26]} {[%emt 00:03:43]} 30. exd5 {[%clk 00:05:27]} {[%emt 00:00:29]} Rb7
{[%clk 00:06:20]} {[%emt 00:00:34]} 31. Ke2 {[%clk 00:04:12]} {[%emt 00:01:40]}
Kf6 {[%clk 00:06:45]} {[%emt 00:00:13]} 32. Ke3 {[%clk 00:04:04]} {[%emt
00:00:38]} Ke7 {[%clk 00:06:54]} {[%emt 00:00:21]} 33. Rh8 {[%clk 00:03:11]}
{[%emt 00:01:23]} h5 {[%clk 00:07:12]} {[%emt 00:00:13]} 34. Ke4 {[%clk
00:03:17]} {[%emt 00:00:24]} Kf6 {[%clk 00:07:26]} {[%emt 00:00:15]} 35. Re8
{[%clk 00:02:48]} {[%emt 00:00:59]} Rd7 {[%clk 00:05:48]} {[%emt 00:02:06]} 36.
Rxe5 {[%clk 00:02:39]} {[%emt 00:00:40]} Rd6 {[%clk 00:06:05]} {[%emt
00:00:14]} 37. Re8 {[%clk 00:01:49]} {[%emt 00:01:20]} Rd7 {[%clk 00:05:37]}
{[%emt 00:00:58]} 38. f3 {[%clk 00:01:36]} {[%emt 00:00:44]} Rd6 {[%clk
00:01:57]} {[%emt 00:04:09]} 39. g4 {[%clk 00:01:29]} {[%emt 00:00:37]} hxg4
{[%clk 00:01:59]} {[%emt 00:00:27]} 40. hxg4 {[%clk 00:01:42]} {[%emt
00:00:18]} g5 {[%clk 00:01:19]} {[%emt 00:01:10]} 41. b3 {[%clk 00:00:54]}
{[%emt 00:01:18]} Rd7 {[%clk 00:01:11]} {[%emt 00:00:36]} 42. Rb8 {[%clk
00:26:04]} {[%emt 00:05:21]} Re7 {[%clk 00:30:40]} {[%emt 00:01:03]} 43. Kd3
{[%clk 00:26:11]} {[%emt 00:00:22]} Ke5 {[%clk 00:30:15]} {[%emt 00:00:55]} 44.
Kc4 {[%clk 00:23:29]} {[%emt 00:03:12]} Kf4 {[%clk 00:25:51]} {[%emt 00:04:55]}
45. Rxb6 {[%clk 00:23:01]} {[%emt 00:00:57]} Kxf3 {[%clk 00:26:02]} {[%emt
00:00:19]} 46. Kxc5 {[%clk 00:22:16]} {[%emt 00:01:16]} Kxg4 {[%clk 00:25:59]}
{[%emt 00:00:33]} 47. d6 {[%clk 00:22:16]} {[%emt 00:00:29]} Ra7 {[%clk
00:23:14]} {[%emt 00:03:15]} 48. Kc6 {[%clk 00:22:20]} {[%emt 00:00:27]} Kf3
{[%clk 00:22:54]} {[%emt 00:00:50]} 49. d7 {[%clk 00:21:48]} {[%emt 00:01:02]}
Rxd7 {[%clk 00:22:56]} {[%emt 00:00:28]} 50. Kxd7 {[%clk 00:22:07]} {[%emt
00:00:11]} Ke4 {[%emt 00:01:47]} 1-0

[Event "DVM U20w 2022"]
[Site "Münster GER"]
[Date "2022.12.28"]
[Round "4"]
[White "Berghold, Lotta"]
[Black "Müdder, Melanie"]
[Result "0-1"]
[Termination "normal"]
[Board "3.1"]
[WhiteElo "1589"]
[BlackElo "1927"]
[WhiteClock "00:10:20"]
[BlackClock "00:27:15"]
[WhiteTeam "SC Borussia Lichtenberg"]
[BlackTeam "Schachgesellschaft Solingen e. V."]
[PlyCount "90"]
[WhiteFideId "16243463"]
[BlackFideId "12994103"]
[EventCountry "GER"]
[EventRounds "7"]
[EventType "team-swiss"]
[EventDate "2022.12.26"]

1. d4 {[%clk 01:30:54]} {[%emt 00:00:05]} Nf6 {[%clk 01:30:54]} {[%emt
00:00:06]} 2. c4 {[%clk 01:31:20]} {[%emt 00:00:04]} g6 {[%clk 01:31:18]}
{[%emt 00:00:06]} 3. g3 {[%clk 01:31:32]} {[%emt 00:00:19]} Bg7 {[%clk
01:30:59]} {[%emt 00:00:49]} 4. Bg2 {[%clk 01:31:55]} {[%emt 00:00:07]} d5
{[%clk 01:31:13]} {[%emt 00:00:15]} 5. Nf3 {[%clk 01:31:31]} {[%emt 00:00:55]}
O-O {[%clk 01:31:03]} {[%emt 00:00:40]} 6. O-O {[%clk 01:31:55]} {[%emt
00:00:07]} c5 {[%clk 01:30:29]} {[%emt 00:01:04]} 7. dxc5 {[%clk 01:25:30]}
{[%emt 00:06:55]} dxc4 {[%clk 01:28:30]} {[%emt 00:02:29]} 8. Ne5 {[%clk
01:06:17]} {[%emt 00:19:43]} Qc7 {[%clk 01:25:10]} {[%emt 00:03:50]} 9. Nxc4
{[%clk 01:05:37]} {[%emt 00:01:10]} Qxc5 {[%clk 01:25:22]} {[%emt 00:00:17]}
10. Qc2 {[%clk 01:02:12]} {[%emt 00:03:56]} Nc6 {[%clk 01:20:05]} {[%emt
00:05:48]} 11. Be3 {[%clk 00:55:29]} {[%emt 00:07:13]} Qh5 {[%clk 01:15:58]}
{[%emt 00:04:36]} 12. Bf3 {[%clk 00:42:35]} {[%emt 00:13:24]} Ng4 {[%clk
01:10:53]} {[%emt 00:05:37]} 13. h4 {[%clk 00:35:30]} {[%emt 00:07:34]} Nxe3
{[%clk 01:08:34]} {[%emt 00:02:49]} 14. Nxe3 {[%clk 00:35:35]} {[%emt
00:00:25]} Qe5 {[%clk 01:05:56]} {[%emt 00:03:08]} 15. Nc3 {[%clk 00:29:58]}
{[%emt 00:06:07]} Nd4 {[%clk 01:03:26]} {[%emt 00:03:00]} 16. Qe4 {[%clk
00:26:34]} {[%emt 00:03:54]} Nxf3 {[%clk 01:02:27]} {[%emt 00:01:29]} 17. Qxf3
{[%clk 00:24:28]} {[%emt 00:02:35]} Rb8 {[%clk 00:59:28]} {[%emt 00:03:30]} 18.
Qd5 {[%clk 00:23:07]} {[%emt 00:01:50]} Qf6 {[%clk 00:52:59]} {[%emt 00:06:59]}
19. Qe4 {[%clk 00:18:04]} {[%emt 00:05:34]} e6 {[%clk 00:46:51]} {[%emt
00:06:38]} 20. Rfd1 {[%clk 00:16:05]} {[%emt 00:02:29]} b5 {[%clk 00:42:57]}
{[%emt 00:04:24]} 21. Ng4 {[%clk 00:14:24]} {[%emt 00:02:10]} Qf5 {[%clk
00:42:06]} {[%emt 00:01:21]} 22. Qxf5 {[%clk 00:10:09]} {[%emt 00:04:45]} gxf5
{[%clk 00:40:12]} {[%emt 00:02:24]} 23. Ne3 {[%clk 00:09:57]} {[%emt 00:00:41]}
b4 {[%clk 00:38:29]} {[%emt 00:02:14]} 24. Na4 {[%clk 00:09:59]} {[%emt
00:00:29]} Ba6 {[%clk 00:37:29]} {[%emt 00:01:29]} 25. Rd2 {[%clk 00:07:44]}
{[%emt 00:02:45]} Rbc8 {[%clk 00:34:10]} {[%emt 00:03:50]} 26. Rad1 {[%clk
00:07:38]} {[%emt 00:00:36]} Bb5 {[%clk 00:33:12]} {[%emt 00:01:28]} 27. b3
{[%clk 00:06:10]} {[%emt 00:01:58]} Bxa4 {[%clk 00:27:05]} {[%emt 00:06:38]}
28. bxa4 {[%clk 00:06:38]} {[%emt 00:00:02]} Rc5 {[%clk 00:26:10]} {[%emt
00:01:24]} 29. Rd7 {[%clk 00:03:51]} {[%emt 00:03:18]} Ra5 {[%clk 00:25:37]}
{[%emt 00:01:02]} 30. Nc4 {[%clk 00:02:31]} {[%emt 00:01:51]} Rxa4 {[%clk
00:24:05]} {[%emt 00:02:02]} 31. R1d2 {[%clk 00:02:48]} {[%emt 00:00:13]} Bc3
{[%clk 00:21:12]} {[%emt 00:03:23]} 32. Rc2 {[%clk 00:03:11]} {[%emt 00:00:07]}
Ra6 {[%clk 00:20:08]} {[%emt 00:01:34]} 33. Nd6 {[%clk 00:03:00]} {[%emt
00:00:41]} Ra5 {[%clk 00:15:13]} {[%emt 00:05:25]} 34. Nb7 {[%clk 00:02:25]}
{[%emt 00:01:05]} Rb5 {[%clk 00:13:48]} {[%emt 00:01:55]} 35. Nd8 {[%clk
00:02:12]} {[%emt 00:00:43]} a5 {[%clk 00:12:09]} {[%emt 00:02:09]} 36. Nc6
{[%clk 00:01:57]} {[%emt 00:00:46]} Rc5 {[%clk 00:10:06]} {[%emt 00:02:33]} 37.
Nd8 {[%clk 00:01:37]} {[%emt 00:00:50]} Rc8 {[%clk 00:08:19]} {[%emt 00:02:18]}
38. Nb7 {[%clk 00:01:51]} {[%emt 00:00:16]} a4 {[%clk 00:06:13]} {[%emt
00:02:35]} 39. Nd6 {[%clk 00:00:51]} {[%emt 00:01:30]} Rcd8 {[%clk 00:05:32]}
{[%emt 00:01:11]} 40. Rxd8 {[%clk 00:01:10]} {[%emt 00:00:11]} Rxd8 {[%clk
00:05:58]} {[%emt 00:00:04]} 41. Nc4 {[%clk 00:26:17]} {[%emt 00:05:23]} Bf6
{[%clk 00:32:49]} {[%emt 00:03:39]} 42. Nd2 {[%clk 00:22:18]} {[%emt 00:04:28]}
Rb8 {[%clk 00:29:14]} {[%emt 00:04:05]} 43. Nc4 {[%clk 00:10:06]} {[%emt
00:12:42]} b3 {[%clk 00:26:56]} {[%emt 00:02:48]} 44. axb3 {[%clk 00:10:15]}
{[%emt 00:00:22]} axb3 {[%clk 00:27:14]} {[%emt 00:00:11]} 45. Rc1 {[%clk
00:10:20]} {[%emt 00:00:24]} Rc8 {[%clk 00:27:15]} {[%emt 00:00:29]} 0-1

[Event "DVM U20w 2022"]
[Site "Münster GER"]
[Date "2022.12.28"]
[Round "4"]
[White "Rudolph, Eva"]
[Black "Hafermann, Lara"]
[Result "1-0"]
[Termination "normal"]
[Board "3.2"]
[WhiteElo "1818"]
[BlackElo "1414"]
[WhiteClock "00:25:31"]
[BlackClock "01:00:10"]
[WhiteTeam "Schachgesellschaft Solingen e. V."]
[BlackTeam "SC Borussia Lichtenberg"]
[PlyCount "35"]
[WhiteFideId "16200594"]
[BlackFideId "16298306"]
[EventCountry "GER"]
[EventRounds "7"]
[EventType "team-swiss"]
[EventDate "2022.12.26"]

1. e4 {[%clk 01:30:58]} {[%emt 00:00:02]} b6 {[%clk 01:30:50]} 2. d4 {[%clk
01:31:21]} {[%emt 00:00:16]} Bb7 {[%clk 01:31:15]} 3. Bd3 {[%clk 01:31:46]}
{[%emt 00:00:11]} e6 {[%clk 01:31:39]} 4. Qe2 {[%clk 01:32:11]} {[%emt
00:00:11]} Nf6 {[%clk 01:28:19]} 5. Nf3 {[%clk 01:32:23]} {[%emt 00:04:07]} Be7
{[%clk 01:28:30]} 6. e5 {[%clk 01:32:29]} {[%emt 00:00:44]} Nd5 {[%clk
01:24:35]} 7. c4 {[%clk 01:32:29]} Nb4 {[%clk 01:24:35]} 8. Be4 {[%clk
01:33:02]} {[%emt 00:06:26]} Bxe4 {[%clk 01:21:01]} 9. Qxe4 {[%clk 01:33:02]}
c6 {[%clk 01:21:01]} 10. a3 {[%clk 01:33:02]} N4a6 {[%clk 01:21:01]} 11. Nc3
{[%clk 01:29:08]} {[%emt 00:11:07]} d5 {[%clk 01:12:41]} 12. exd6 {[%clk
01:29:08]} Bxd6 {[%clk 01:12:41]} 13. O-O {[%clk 01:29:08]} Nc7 {[%clk
01:12:41]} 14. Re1 {[%clk 01:15:06]} {[%emt 00:26:40]} O-O {[%clk 01:08:28]}
15. Ng5 {[%clk 01:11:55]} {[%emt 00:05:23]} g6 {[%clk 01:06:01]} 16. Qh4 {[%clk
01:05:27]} {[%emt 00:09:54]} h6 {[%clk 01:01:40]} 17. Nce4 {[%clk 00:29:52]}
{[%emt 00:40:57]} h5 {[%clk 01:00:10]} 18. Qg3 {[%clk 00:25:31]} {[%emt
00:06:50]} 1-0